000 00555 a2200193 4500
005 20260417125417.0
008 260417b |||||||| |||| 00| 0 eng d
020 _a9781394227631
_c$ 171.95
040 _aMAIN
082 _a150.19
_bN415H
100 _aNevid, Jeffrey S
245 _aHealth psychology: Applying psychological science to health and wellness, with eBook access code
260 _bWiley
_c2025
_aNew Jersey
300 _axvi, 458
650 _aPsychology
650 _aHealth Psychology
700 _aRathus, Spencer A
942 _cBK
999 _c396740
_d396740